000 00397nam a2200145Ia 4500
008 100204s9999 xx 000 0 und d
082 _b7663
100 _aअभ्यंकर कुसुम
245 _aपरीस
260 _b"शशीदीप प्रकाशन , पुणे"
_c1985
300 _a196
630 _aपरीस
730 _aपरीस
942 _cBOOK
999 _c452099
_d452096